| 000 | 00844nam a2200265 a 4500 | ||
|---|---|---|---|
| 001 | BRCA_5449 | ||
| 005 | 20190320205102.0 | ||
| 008 | 820115s1907 gw-ac#####---#000-0bger-# | ||
| 041 | _ager | ||
| 044 | _agw | ||
| 050 | 4 |
_aND623 _b.C67 1907 |
|
| 245 | 1 | 0 |
_aCorreggio _bdes Maisters Gemalde _cherausgegeben Georg Gronau |
| 260 |
_aStuttgart, Alemania _bDeutsche Verlags-Anstalt _c[1907] |
||
| 300 |
_axlvi, 175 p _bil., láminas _c27 cm. |
||
| 440 | 0 |
_aKlassiker der kunst im gesamtausgaben _v10 _913917 |
|
| 500 | _aIncluye 196 ilustraciones | ||
| 500 | _aEdición con cabeza dorada | ||
| 500 | _aM34 | ||
| 600 | 1 | 4 |
_aCorreggio, Antonio Allegri, conocido como _d1494-1534 _913918 |
| 650 | 1 | 4 |
_aPintores italianas _913919 |
| 650 | 1 | 4 |
_apinturas italianas _912941 |
| 700 | 1 |
_aGronau, Georg _eEditor _913920 |
|
| 902 | _aGFM | ||
| 942 |
_2lcc _cB |
||
| 999 |
_c5143 _d5143 |
||